| 000 | 00970nmm a2200289 a 4500 | ||
|---|---|---|---|
| 001 | ocm000697873 | ||
| 003 | TR-IsHL | ||
| 005 | 20201028143048.0 | ||
| 008 | 140118s2010 tu tur | ||
| 007 | cr cn | ||
| 020 | _a9789756195642 | ||
| 035 |
_a697873 _b(N$T) |
||
| 050 | 0 | 4 |
_aPL230 _b.A462 2010 |
| 090 | 0 | 4 |
_aPL230 _b.A462 2010 |
| 100 | 1 | _aAhmet Rasim | |
| 245 | 1 | 0 |
_aFalaka _h[electronic resource] / _cAhmet Rasim ; ed. Mehmet Dikmen ; haz. Kamil Kayıkçı |
| 260 |
_aİstanbul : _bKaranfil Yayınları, _c2010 |
||
| 300 | _a108 p. | ||
| 650 | 4 | _aDil ve Edebiyat | |
| 650 | 4 | _aLanguage and Literature | |
| 650 | 0 |
_aMasallar, Yunan _x Türkçe çeviriler |
|
| 650 | 0 |
_aFables, Greek _x Translations into Turkish |
|
| 650 | 7 |
_aLITERARY CRITICISM / Children's Literature _2bisacsh |
|
| 700 | 1 | _aDikmen, Mehmet | |
| 700 | 1 | _aKayıkçı, Kamil | |
| 856 | 4 | 0 | _uhttp://search.ebscohost.com/login.aspx?direct=true&scope=site&db=e011xww&AN=697873 |
| 999 |
_c8696 _d8696 |
||